Complete the Card - WWE Unforgiven 2003 - Statistics

General Stats
  • This quiz has been taken 208 times
  • The average score is 19 of 24
Answer Stats
Answer % Correct
Triple H
98%
Kane
95%
Bubba Ray Dudley
93%
D-Von Dudley
92%
Trish Stratus
92%
Christian
90%
Lita
90%
Jerry Lawler
87%
Scott Steiner
87%
Chris Jericho
86%
Goldberg
86%
Shane McMahon
86%
Jim Ross
83%
Shawn Michaels
83%
Test
83%
Randy Orton
82%
Rob Van Dam
82%
Jonathan Coachman
78%
Molly Holly
74%
Rene Dupree
61%
Sylvain Grenier
60%
Gail Kim
57%
Rob Conway
57%
Al Snow
55%
No matching quizzes found
Score Distribution
Percent of People with Each Score
Percentile by Number Answered
Your Score History
You have not taken this quiz